Forestry and its career opportunities (Record no. 34140)

MARC details
000 -LEADER
fixed length control field 01035cam a2200313 4500
001 - CONTROL NUMBER
control field 3605598
003 - CONTROL NUMBER IDENTIFIER
control field OSt
005 - DATE AND TIME OF LATEST TRANSACTION
control field 20220401100829.0
008 - FIXED-LENGTH DATA ELEMENTS--GENERAL INFORMATION
fixed length control field 721207s1973 nyua b 001 0 eng
010 ## - LIBRARY OF CONGRESS CONTROL NUMBER
LC control number 72013420
020 ## - INTERNATIONAL STANDARD BOOK NUMBER
International Standard Book Number 0070569789
040 ## - CATALOGING SOURCE
Original cataloging agency DLC
Transcribing agency HU
Modifying agency DLC
043 ## - GEOGRAPHIC AREA CODE
Geographic area code n-us---
050 00 - LIBRARY OF CONGRESS CALL NUMBER
Classification number SD371
Item number .S5 1973
082 00 - DEWEY DECIMAL CLASSIFICATION NUMBER
Classification number 634.9 SHI 1973
100 1# - MAIN ENTRY--PERSONAL NAME
Personal name Shirley, Hardy L.
Fuller form of name (Hardy Lomax),
Dates associated with a name 1900-
9 (RLIN) 33197
245 10 - TITLE STATEMENT
Title Forestry and its career opportunities
Statement of responsibility, etc. [by] Hardy L. Shirley.
250 ## - EDITION STATEMENT
Edition statement 3d ed.
260 ## - PUBLICATION, DISTRIBUTION, ETC.
Place of publication, distribution, etc. New York,
Name of publisher, distributor, etc. McGraw-Hill
Date of publication, distribution, etc. [1973]
300 ## - PHYSICAL DESCRIPTION
Extent xi, 464 p.
Other physical details illus.
Dimensions 24 cm.
490 0# - SERIES STATEMENT
Series statement McGraw-Hill series in forest resources
504 ## - BIBLIOGRAPHY, ETC. NOTE
Bibliography, etc. note Includes bibliographies.
650 #0 - SUBJECT ADDED ENTRY--TOPICAL TERM
Topical term or geographic name entry element Forests and forestry.
9 (RLIN) 11238
650 #0 - SUBJECT ADDED ENTRY--TOPICAL TERM
Topical term or geographic name entry element Forests and forestry
General subdivision Vocational guidance.
9 (RLIN) 33194
650 #0 - SUBJECT ADDED ENTRY--TOPICAL TERM
Topical term or geographic name entry element Forests and forestry
Geographic subdivision United States.
9 (RLIN) 23355
650 #0 - SUBJECT ADDED ENTRY--TOPICAL TERM
Topical term or geographic name entry element Forests and forestry
General subdivision Vocational guidance
Geographic subdivision United States.
9 (RLIN) 33195
906 ## - LOCAL DATA ELEMENT F, LDF (RLIN)
a 7
b cbc
c orignew
d 1
e ocip
f 19
g y-gencatlg
942 ## - ADDED ENTRY ELEMENTS (KOHA)
Source of classification or shelving scheme Dewey Decimal Classification
Koha item type Books like text book referance book
Suppress in OPAC No
Holdings
Withdrawn status Lost status Source of classification or shelving scheme Damaged status Not for loan Collection code Home library Current library Shelving location Date acquired Total Checkouts Full call number Barcode Date last seen Copy number Price effective from Koha item type
    Dewey Decimal Classification     Reference Wondo Genet Library Wondo Genet Library General Stacks 04/01/2022   634.9 SHI 1973 WGCFNRL00016036 04/01/2022 1 04/01/2022 Books like text book referance book